Komisionárska zmluva

Obsah a náležitosti komisionárskej zmluvy. Komisionárskou zmluvou sa komisionár zaväzuje, že zariadi vo vlastnom mene pre komitenta na jeho účet určitú obchodnú záležitosť a komitent sa zaväzuje zaplatiť mu odplatu. Právo a povinnosti komisionára a komitenta. Vzor komisionárskej zmluvy.

Gespeichert in:
Bibliographische Detailangaben
1. Verfasser: Pauličková, Alena
Format: Buchkapitel
Sprache:Slowakisch
Schlagworte:
Tags: Tag hinzufügen
Keine Tags, Fügen Sie das erste Tag hinzu!

MARC

LEADER 00000naa a2200000 4500
001 r036433
005 20230926081604.1
041 0 |a slo 
044 |a SK 
245 1 0 |a Komisionárska zmluva  |c Alena Pauličková 
520 |a Obsah a náležitosti komisionárskej zmluvy. Komisionárskou zmluvou sa komisionár zaväzuje, že zariadi vo vlastnom mene pre komitenta na jeho účet určitú obchodnú záležitosť a komitent sa zaväzuje zaplatiť mu odplatu. Právo a povinnosti komisionára a komitenta. Vzor komisionárskej zmluvy. 
610 2 0 |a zmluvy komisionárske 
610 2 0 |a komitenti 
610 2 0 |a zákonník obchodný 
610 2 0 |a vzťahy zmluvné 
610 2 0 |a komisionári 
100 1 |a Pauličková, Alena